000 00467nam a2200193Ia 4500
005 20240823035948.0
008 240823s9999||||xx |||||||||||||| ||und||
020 _a81-224-1404-4
041 _aENGLISH
082 _A604.2 P2
100 _aVenugopal K
245 0 _aEngineering Graphics
250 _a1st
260 _c2002
_b"New Age ,New "
_aNew Delhi
500 _aTRANSFERED
650 _aEngineering Graphics
_bMechanical
942 _cBK
999 _c201945
_d201945